000 00374nam a22001457a 4500
008 250528b |||||||| |||| 00| 0 eng d
020 _a9789785265682
050 _aD614
_b.U84 2022
100 _aUsman Bukav
245 _aA History Of Biu
260 _aAbuja
_bKlamidas Communication Ltd.
_c2022
300 _a693p.
_billustration;
650 _aHistory of Biu
942 _cBK
999 _c3694
_d3694